00267nam a2200073Ia 4500008004100000100002200041245010700063260002300170201231s9999 xx 000 0 und d aChang, Richard Y. 0aProcess reengineering in action - Practical guide :A practical guide to achieving breakthrough results aNew delhibWheeler